Rozpoznaj grę mobilną po opinii Google Play - Statystyki

Ogólne statystyki
  • Ten quiz został rozwiązany 12 razy
  • Średni wynik to 4 z 15
Statystyki odpowiedzi
Opinia Gra % Poprawnych
Kiedyś była lepsza. Jest teraz poprostu mega słaba i do tego te małpy które każdy dostał za darmo i są mega OP. I do tego parówka/hotdog który za pomocą ulta może się odrożyć nawet gdy ma 1 rangę mocy. Brawl Stars
100%
To jest NAJGORSZA GRA W JAKĄ GRAŁAM! Jest wręcz NIEGRYWALNA. Pomimo super szybkiego internetu z każdej gry w jaką wejdę na telefonie mam disconnected, a na laptopie, nie mogę zrobić aktualizacji, bo mam jakiś error. Powtarzam, mam MEGA DOBRY INTERNET, to jest TYLKO i wyłącznie wina tej głupiej gry! Nie instalujcie tego jeśli wasz internet jest ciupinkę słabszy, bo ile nerwów się nakosztujecie. Roblox
67%
Dałbym 5. Jakby był tryb hardcore ale nie ma :///////// Minecraft
56%
Aplikacja jest bardzo fajna ale trzeba do niego codziennie zaglądać bo zawsze jest głodny smutny i brudny Ale jeśli chodzi o gry to bardzo mi się podobają moja opinia⭐⭐⭐⭐/⭐⭐⭐⭐⭐ 4/5 gwiazdek bardzo fajna i ciekawa wzbudza emocjonalność człowieka jeśli chodzi o małe dziecko w wieku 58 lat to bardzo fajna polecam Emilia szczygieł 😁😉 Pou
33%
Moja Mama kocha tą grę bardziej ode mnie ma 5000 poziom Candy Crush Saga
22%
Rozumiem że ta gra jest taka że jak coś chce się ulepszyć lub wybudować to trochę czasu musi minąć ale Builder hall na 5 czy tam 6 lvl, 1 dzień i 23 godziny?💀 Clash of Clans
22%
Jest tu w ogóle jakiś limit odroczeń? Przecież to bez sensu jest. Spamisz deskami, odrodzeniami w nieskończoność. Ranking jakiś fejkowy + wynik bez żadnej wartości xdd Subway Surfers
22%
Wszystko spoko ale niektóre piozomy są nie do przejścia ponieważ użyłeś nie tego ptaka w poprzednim pokoju i niektóre reklamy restartują grę Angry Birds 2
11%
Dziękuję Bogu Ojcu że Stwożyłeś takich mądrych ludzi, ktuży stworzyli tą oto trylogie o złych świnkach. Ta gra wyjawia mój wewnętrzny tok pojmowania wszechświata. Bad Pigges
11%
Walona gra mój rekord to 502 miałem 501 i kliknąłem a tu nagle walona policja jechała 100000 na godzinę i przegrałem a pobiłbym mój rekord nie polecam tą grą mega WKU***a Crossy Road
11%
Świetna gra! Osobiście gram już od 2 lat i wreszcie wyszło 2.2! Dla tych co stracili konta taki pro tip: Jak zaczynasz grać to wejdź w ustawienia a następnie "account". Kliknij "register", I się zaloguj po rejestracji. Co jakiś czas wchodźcie w ustawienia, account, I klikajcie "save" dzięki temu jak odinstalujecie i zainstalujecie to niby wszystko stracicie, ale zalogujcie się i kliknijcie "load". Dzięki temu nie stracicie postępu! Serdecznie polecam! Geometry Dash
11%
lubie jak jedzie tym hot autem Hill Climb Racing
11%
Odpalam gre zjadam kikka kulek samouczka gram moze 3 sekundy i reklama ... Sory chyba nie o to chodzi .... PAC-MAN
11%
Nie instalujcie! Kiedy ją uderzyłem Magda Gessler wyszła i zaczęła gadać po chińsku 😭 o 3 w nocy przyszedł Makłowicz i zabrał mi cała paprykę 😭 i ją przerobił na Leczo z mlekiem 🥺 a potem przyszedł Donald Tusk i zaczął gadać po niemiecku i rozjechał mi rower Czołgiem Tiger H1😭😭😭 Talking Angela
11%
Ta gra jest jakaś opuszczona kiedy zapytałam się go czy zna mój adres zamieszkania to on powiedział tak to nie jest jeszcze koniec jakiś nie normalny numer do mnie zadzwonił to był 700 poszłam do łazienki i odebrałam a ten ktoś powiedział (tłumacz bo muwił po angielsku) wyjrzyj pżez okno zajrzałam a tam jakiś czarny facet odinstalowałam tą aplikację ale ona się jakimś cudem zainstalowała i kiesy chciałam odinstalować to nie mogłam pisało tak niemożna odinstalować pżez czarny nie polecam Talking Ben the Dog
11%
Nie znaleziono quizów pasujących do podanych kryteriów
Rozkład punktacji
Procent ludzi z każdym wynikiem
Percentyl według liczby udzielonych odpowiedzi
Twoja historia wyników
Nie rozwiązałeś tego quizu